书目信息 |
| 题名: |
安全员岗位知识与专业技能
|
|
| 作者: | 范建伟 主编 ;建筑与市政工程施工现场专业人员职业标准培训教材编委会 编 | |
| 分册: | ||
| 出版信息: | 郑州 黄河水利出版社 2013 |
|
| 页数: | 286页 | |
| 开本: | 26cm | |
| 丛书名: | ||
| 单 册: | ||
| 中图分类: | TU714 | |
| 科图分类: | ||
| 主题词: | 建筑工程--安全管理--职业培训--教材 , 建筑工程 , 安全管理 | |
| 电子资源: | ||
| ISBN: | 978-7-5509-0649-5 | |
| 000 | 01223nam0 2200265 450 | |
| 001 | 141792 | |
| 005 | 20141111133739.25 | |
| 010 | @a978-7-5509-0649-5@dCNY 46.00 | |
| 100 | @a20140314d2013 em y0chiy50 ea | |
| 101 | 0 | @achi |
| 102 | @aCN@b410000 | |
| 105 | @ay z 000yy | |
| 200 | 1 | @a安全员岗位知识与专业技能@9an quan yuan gang wei zhi shi yu zhuan ye ji neng@b专著@f范建伟主编@g建筑与市政工程施工现场专业人员职业标准培训教材编审委员会编 |
| 210 | @a郑州@c黄河水利出版社@d2013 | |
| 215 | @a286页@d26cm | |
| 300 | @a建筑与市政工程施工现场专业人员职业标准培训教材 | |
| 330 | @a本书介绍了与《建筑工程安全生产管理条例》相关的法律、法规、标准、施工管理规定和标准,施工现场安全管理,施工现场安全事故的防范、救援处理,文明施工,绿色管理以及施工,项目安全生产管理计划,安全施工方案和安全资料的管理等内容。 | |
| 606 | 0 | @a建筑工程@x安全管理@x职业培训@j教材 |
| 606 | 0 | @a建筑工程 |
| 606 | 0 | @a安全管理 |
| 690 | @aTU714@v5 | |
| 701 | 0 | @a范建伟@9fan jian wei@c(建筑)@4主编 |
| 712 | 02 | @a建筑与市政工程施工现场专业人员职业标准培训教材编委会@9jian zhu yu shi zheng gong cheng shi gong xian chang zhuan ye ren yuan zhi ye biao zhun pei xun jiao cai bian wei hui@4编 |
| 801 | 0 | @c20141111 |
| 905 | @a241430@dTU714@eF110 | |
| 安全员岗位知识与专业技能/范建伟主编/建筑与市政工程施工现场专业人员职业标准培训教材编审委员会编.-郑州:黄河水利出版社,2013 |
| 286页;26cm |
| 建筑与市政工程施工现场专业人员职业标准培训教材 |
| ISBN 978-7-5509-0649-5:CNY 46.00 |
| 本书介绍了与《建筑工程安全生产管理条例》相关的法律、法规、标准、施工管理规定和标准,施工现场安全管理,施工现场安全事故的防范、救援处理,文明施工,绿色管理以及施工,项目安全生产管理计划,安全施工方案和安全资料的管理等内容。 |
| ● |
| 相关链接 |
|
|
|
正题名:安全员岗位知识与专业技能
索取号:TU714/F110
 
预约/预借
| 序号 | 登录号 | 条形码 | 馆藏地/架位号 | 状态 | 备注 |
| 1 | 0838992 | 208389929 | 建筑库201/201建筑库 25排3列1层/ [索取号:TU714/F110] | 在馆 | |
| 2 | 0838993 | 208389938 | 建筑库201/201建筑库 25排3列1层/ [索取号:TU714/F110] | 在馆 | |
| 3 | 0838994 | 208389947 | 建筑库201/201建筑库 25排3列1层/ [索取号:TU714/F110] | 在馆 |